What if we run out of fossil fuels? / (Record no. 5550)

MARC details
000 -LEADER
fixed length control field 01170nam a22003137a 4500
001 - CONTROL NUMBER
control field 5550
003 - CONTROL NUMBER IDENTIFIER
control field FISKH
005 - DATE AND TIME OF LATEST TRANSACTION
control field 20241217123841.0
008 - FIXED-LENGTH DATA ELEMENTS--GENERAL INFORMATION
fixed length control field 241217b cb ||||| |||| 00| 0 eng d
020 ## - INTERNATIONAL STANDARD BOOK NUMBER
International Standard Book Number 9780516234786
040 ## - CATALOGING SOURCE
Original cataloging agency FISKH
Language of cataloging eng
Transcribing agency FISKH
Modifying agency FISKH
050 ## - LIBRARY OF CONGRESS CALL NUMBER
Classification number TJ808.2
082 ## - DEWEY DECIMAL CLASSIFICATION NUMBER
Classification number 333.8
100 ## - MAIN ENTRY--PERSONAL NAME
Personal name Miller, Kimberly M.
245 ## - TITLE STATEMENT
Title What if we run out of fossil fuels? /
Statement of responsibility, etc. by Kimberly M. Miller
260 ## - PUBLICATION, DISTRIBUTION, ETC.
Place of publication, distribution, etc. New York :
Name of publisher, distributor, etc. Children's Press ;
Date of publication, distribution, etc. 2002.
300 ## - PHYSICAL DESCRIPTION
Extent 48 pages :
Other physical details color illustrations ;
Dimensions 22 cm .
490 ## - SERIES STATEMENT
Series statement High interest books: what if?
505 ## - FORMATTED CONTENTS NOTE
Formatted contents note U <br/>
520 ## - SUMMARY, ETC.
Summary, etc. Examines mankind's dependence on fossil fuels through scenarios that describe life without such items as oil heaters and gasoline powered cars, and describes alternative energy sources and other ways to prepare for this possible future.
521 8# - TARGET AUDIENCE NOTE
Target audience note 820 <br/>
Source Lexile <br/>
521 8# - TARGET AUDIENCE NOTE
Target audience note U <br/>
Source Raz-Plus <br/>
650 ## - SUBJECT ADDED ENTRY--TOPICAL TERM
Topical term or geographic name entry element Renewable energy sources
Form subdivision Juvenile literature
650 ## - SUBJECT ADDED ENTRY--TOPICAL TERM
Topical term or geographic name entry element Fossil fuels
Form subdivision Juvenile literature
650 ## - SUBJECT ADDED ENTRY--TOPICAL TERM
Topical term or geographic name entry element Power sources
Form subdivision Juvenile literature
700 ## - ADDED ENTRY--PERSONAL NAME
Personal name DeLisio, Michael
Relator term Book designer
942 ## - ADDED ENTRY ELEMENTS (KOHA)
Source of classification or shelving scheme Dewey Decimal Classification
Koha item type Books
Suppress in OPAC No
Holdings
Withdrawn status Lost status Source of classification or shelving scheme Damaged status Not for loan Collection Home library Current library Shelving location Date acquired Total Checkouts Full call number Barcode Date last seen Price effective from Koha item type
    Dewey Decimal Classification     Non-Fiction Footprints International School Library Network Toul Kork Campus Footprints International School Library Network Toul Kork Campus TTP Secondary Non-Fiction Bookshelves 12/17/2024   MIL 333.8 TJ808.2 FISSE00838 12/17/2024 12/17/2024 Books